000 00818nam a2200229Ia 4500
003 OSt
005 20220923221608.0
006 a|||||r|||| 00| 0
007 ta
008 220922b |||||||| |||| 00| 0 hin d
024 _a198,406
037 _cTextual
040 _aARTS
_cARTS
_bhin
041 _2hin
_ahin
082 _aP152:3, 152K8
100 _aवाजपेयी, किशोरीदास
245 0 _aहिन्दी की वर्तनी तथा शब्द विश्लेषण
246 _aHindī kī vartanī tathā shabda vishleṣhaṇa
260 _aनई दिल्ली
_b राजधानी ग्रंथागार
_c1968
942 _hP152:3, 152K8
_cTEXL
_2CC
999 _c350252
_d350252